000 nam a22 7a 4500
999 _c55488
_d55488
003 OSt
005 20220813113758.0
008 220813b xxu||||| |||| 00| 0 eng d
040 _cIIMT UNIVERSITY MEERUT
100 _aRAJ KAMAL
245 _aINTERNET OF THINGS
260 _bMc GRAW HILL
300 _a532
942 _2ddc
_c09